01205 2200205 4500001002100000005001500021035002000036008004100056245003100097100001500128250000600143260003800149300001200187084001400199082000800213650001000221520074400231990001200975990001200987INLIS00000000000089620240604074723 a0010-0524000131240604 1 ind 1 aBleeding Love /cAlly Jane aJane, Ally a1 aYogyakarta :bSheila/ Andi,c2014 a364 hlm a813 ALL b a813 4aFiksi a Aku tidak akan meninggalkanmu, Dante... Begitulah kata-kata yang diucapkan Anabel pada pria asing bernama Dante yang terluka parah dan terjebak di alam bawah sadarnya. Terpaksa merawat Dante, Anabel harus terjebak dengan pria asing itu. Namun ketika akhirnya Anabel menyadari bahwa dia telah menyerahkan hatinya pada pria asing yang sama sekali tak dikenal atau diketahuinya asal-usulnya itu, Dante justru bersikap dingin padanya. Lantas apa yang akan dilakukan Anabel ketika mengetahui kenyataan tentang kehidupan hitam Dante? Apakah Anabel masih akan tetap mencintai Dante setelah mengetahui masa lalu Dante? Masihkah cinta Anabel tertuju pada Dante begitu mengetahui bahwa kakak Dante, Alex, terlibat dalam pembunuhan orang tuanya? a0741392 a0741393